000 00459nam a2200157Ia 4500
999 _c18584
_d18584
003 OSt
005 20200619105516.0
008 190216s9999||||xx |||||||||||||| ||und||
040 _coclc
082 _a954
_bKAB/G
100 _aKabir, Humayun
_93071
245 4 _aThe Gazetteer Of India /
_cHumayun Kabir
260 _bPublications Division Govt. Of India,
_aNasik:
_c1965.
300 _a651p
942 _cBK
_2ddc
_h954
_iKAB/G
_k954
_mKAB/G